Central Library OPAC University of Rajshahi

A geography of minerals / (Record no. 6994)

MARC details
000 -LEADER
fixed length control field 00751cam a2200253 4500
001 - CONTROL NUMBER
control field 6994
003 - CONTROL NUMBER IDENTIFIER
rucl marc code BD-RjUL
005 - DATE AND TIME OF LATEST TRANSACTION
control field 20211208234342.0
008 - FIXED-LENGTH DATA ELEMENTS--GENERAL INFORMATION
fixed length control field 140113s1969 iaub b 000 0 eng
035 ## - SYSTEM CONTROL NUMBER
System control number (BD-RjUL)7036
040 ## - CATALOGING SOURCE
Original cataloging agency DLC
Transcribing agency DLC
Modifying agency DLC
-- BD-RjUL
Language of cataloging eng
041 ## - LANGUAGE CODE
Language code of text/sound track or separate title eng
082 00 - DEWEY DECIMAL CLASSIFICATION NUMBER
Classification number 553
Author mark and year VOG 1969
100 1# - MAIN ENTRY--PERSONAL NAME
Personal name Voskuil, Walter H.
Fuller form of name (Walter Henry),
Dates associated with a name 1892-
9 (RLIN) 9792
245 12 - TITLE STATEMENT
Title A geography of minerals /
Statement of responsibility, etc. Walter H. Voskuil.
260 ## - PUBLICATION, DISTRIBUTION, ETC. (IMPRINT)
Place of publication, distribution, etc. Dubuque :
Name of publisher, distributor, etc. W. C. Brown Co.,
Date of publication, distribution, etc. 1969.
300 ## - PHYSICAL DESCRIPTION
Pagination ix, 117 p. :
Illustrations maps. ;
Size 23 cm.
490 0# - SERIES STATEMENT
Series statement The Brown foundations of geography series
504 ## - BIBLIOGRAPHY, ETC. NOTE
Bibliography, etc Bibliography: p. 112-114.
650 #0 - SUBJECT ADDED ENTRY--TOPICAL TERM
Topical term or geographic name as entry element Mines and mineral resources.
9 (RLIN) 21927
942 ## - ADDED ENTRY ELEMENTS (KOHA)
Source of classification or shelving scheme Dewey Decimal Classification
Koha item type Books
Holdings
Lost status Source of classification or shelving scheme Damaged status Not for loan Collection code Permanent Location Current Location Shelving location Date acquired Source of acquisition Cost, normal purchase price Total Checkouts Full call number Date last seen Copy number Koha item type
  Dewey Decimal Classification   Not For Loan Non-fiction Central Library, University of Rajshahi Central Library, University of Rajshahi Reading Room 20/01/1971 Zeitlinger 14.00   553 VOG 1969 13/01/2014 C-1 Books